O rei Leão (Registo nº 4566)

Detalhes MARC
000 -Etiqueta do registo
Cabeçalho 00862nam0a2200265 4500
005 - Identificador da versão
Campo de controlo 20240813122105.0
010 ## - Número internacional normalizado dos livros (ISBN)
Número (ISBN) 9727506305
021 ## - Número do Depósito Legal
Código do país PT
Número 126303/98
100 ## - Dados gerais de processamento
Dados gerais de processamento 20170203d1998 c y0pory5003 ba
102 ## - Pais de publicação ou produção
País de publicação Portugal
101 1# - Língua de publicação
Língua do texto, banda sonora, etc. Português
Língua do documento no original Inglês
215 ## - Descrição física 
Indicação específica da natureza do documento e extensão da espécie 32 p.
Outras indicações físicas il. color
200 1# - Titulo e menção de responsabilidade
Título próprio O rei Leão
Primeira menção de responsabilidade Disney
Outras menções de responsabilidade trad. Ana Maria Guedes e Rui Guedes
225 1# - Colecção 
Título próprio da colecção Histórias multieducativas Disney
Informação de outro título da colecção  livros a cores com histórias, jogos e passatempos
210 ## - Publicação, Distribuição, etc. 
Lugar da edição, distribuição, etc. Rio de Mouro
Nome do editor, distribuidor, etc. Everest
Data da publicação, distribuição, etc. D. L. 1998
606 ## - Nome comum usado como assunto
Número de registo de entrada de autoridade 0001524
Palavra de ordem Literatura americana
Subdivisão de assunto Conto
Código do sistema CA
675 ## - Classificação Decimal Universal (CDU)
Notação 821.111(73)-34
Edição 3ª ed.
Língua da edição por
702 #1 - Nome de autor-pessoa física (responsabilidade secundária)
Número de registo de entrada de autoridade 0000211
Palavra de ordem Guedes
Outra parte do nome não tomada para palavra de ordem Ana Maria
Datas 1954-
Código de função Tradutor
Número de registo de entrada de autoridade 0000212
Palavra de ordem Guedes
Outra parte do nome não tomada para palavra de ordem Rui
Datas 1946-2001
Código de função Tradutor
Número de registo de entrada de autoridade 0000214
Palavra de ordem Disney
Outra parte do nome não tomada para palavra de ordem Walt
Datas 1901-1966
Código de função Antecedente bibliográfico
966 ## - Identificação da Biblioteca
Sigla EBVEN
942 ## - Elementos de entrada adicionados (Koha)
Tipo de item no Koha Livro
Exemplares
Situação do levantamento Origin of item (home branch) (coded) Biblioteca de empréstimo Código de barras Cota Circulation type (not for loan) Tipo de documento Nota do exemplar Damaged status
  Biblioteca Escolar das Vendas Biblioteca Escolar das Vendas BEV2305 8EST DIS   Livro Sem mensagem